RICS UK economic brief (Record no. 108334)
[ view plain ]
| 000 -LEADER | |
|---|---|
| fixed length control field | 01863cad a22002655a 4500 |
| 001 - CONTROL NUMBER | |
| control field | E143989 |
| 008 - FIXED-LENGTH DATA ELEMENTS--GENERAL INFORMATION | |
| fixed length control field | 080611s2008 xxkad f s 000 0 eng d |
| 035 ## - SYSTEM CONTROL NUMBER | |
| System control number | (Sirsi) u143989 |
| 041 0# - LANGUAGE CODE | |
| Language code of text/sound track or separate title | eng |
| 050 04 - LIBRARY OF CONGRESS CALL NUMBER | |
| Classification number | 333.33 $2 18 |
| 110 2# - MAIN ENTRY--CORPORATE NAME | |
| Corporate name or jurisdiction name as entry element | Royal Institution of Chartered Surveyors |
| Subordinate unit | Economics |
| 9 (RLIN) | 5033 |
| 245 00 - TITLE STATEMENT | |
| Title | RICS UK economic brief |
| Remainder of title | June 2008 |
| Medium | [electronic resource] |
| 260 ## - PUBLICATION, DISTRIBUTION, ETC. | |
| Place of publication, distribution, etc. | London |
| Name of publisher, distributor, etc. | RICS |
| Date of publication, distribution, etc. | 2008 |
| 490 #0 - SERIES STATEMENT | |
| Series statement | RICS UK Economic Brief |
| Volume/sequential designation | June 2008 |
| 520 ## - SUMMARY, ETC. | |
| Summary, etc. | Reports that inflation of every day goods and the effects of the credit crunch mean that core inflation targets may be breached in future. This inflation also means that a slower growth in living standards in the UK and a continued deflationary influence on consumer spending looks likely to remain. Growth in tenant demand turned negative in Q1 2008 for the first time in four years, due to weak activity across much of the developed world. This has led to modest growth in available office space. New orders for private housing are now 18% down on January 2006 and new orders for private commercial workloads have also fallen by 15%. |
| 520 ## - SUMMARY, ETC. | |
| Summary, etc. | New buyer enquiries fell further in April and the latest reading of -68 is below the level directly after the fallout from Northern Rock last year. Buyer interest appears to be dropping for the fourth successive month and there is a widespread belief that prices will continue to fall in the near term. |
| 590 ## - LOCAL NOTE (RLIN) | |
| Local note | KA |
| 650 24 - SUBJECT ADDED ENTRY--TOPICAL TERM | |
| Topical term or geographic name entry element | RICS UK ECONOMIC BRIEF |
| 651 #4 - SUBJECT ADDED ENTRY--GEOGRAPHIC NAME | |
| Geographic name | United Kingdom |
| Chronological subdivision | |
| 690 ## - LOCAL SUBJECT ADDED ENTRY--TOPICAL TERM (OCLC, RLIN) | |
| Topical term or geographic name as entry element | BUILT ENVIRONMENT-CONSTRUCTION MARKET |
| 690 ## - LOCAL SUBJECT ADDED ENTRY--TOPICAL TERM (OCLC, RLIN) | |
| Topical term or geographic name as entry element | PROPERTY-COMMERCIAL PROPERTY-COMMERCIAL PROPERTY MARKET |
| 690 ## - LOCAL SUBJECT ADDED ENTRY--TOPICAL TERM (OCLC, RLIN) | |
| Topical term or geographic name as entry element | PROPERTY-RESIDENTIAL PROPERTY- RESIDENTIAL PROPERTY MARKET |
| 856 40 - ELECTRONIC LOCATION AND ACCESS | |
| Uniform Resource Identifier | <a href="https://www.rics.org/site/download_feed.aspx?fileID=870&fileExtension=PDF">https://www.rics.org/site/download_feed.aspx?fileID=870&fileExtension=PDF</a> |
| Public note | View this report free of charge at www.rics.org |
| 942 ## - ADDED ENTRY ELEMENTS (KOHA) | |
| Suppress in OPAC | 0 |
| Withdrawn status | Lost status | Source of classification or shelving scheme | Damaged status | Not for loan | Home library | Current library | Shelving location | Date acquired | Total Checkouts | Full call number | Barcode | Date last seen | Copy number | Price effective from | Koha item type |
|---|---|---|---|---|---|---|---|---|---|---|---|---|---|---|---|
| Dewey Decimal Classification | Virtual | Virtual | Online | 11/06/2008 | ONLINE PUBLICATION | 143989-2001 | 06/08/2019 | 1 | 06/08/2019 | Book |